Vadakkan pattukalute paniyala/ (Record no. 48657)
[ view plain ]
| 000 -LEADER | |
|---|---|
| fixed length control field | 00352nam a22001331a 4500 |
| 082 ## - DEWEY DECIMAL CLASSIFICATION NUMBER | |
| Classification number | M 398.2 |
| Item number | RAG/V |
| 100 ## - MAIN ENTRY--PERSONAL NAME | |
| Personal name | Raghava Warier |
| 9 (RLIN) | 65261 |
| 245 ## - TITLE STATEMENT | |
| Title | Vadakkan pattukalute paniyala/ |
| Statement of responsibility, etc. | by Raghava Warier |
| 250 ## - EDITION STATEMENT | |
| Edition statement | 2nd.ed. |
| 260 ## - PUBLICATION, DISTRIBUTION, ETC. | |
| Place of publication, distribution, etc. | Edappal: |
| Name of publisher, distributor, etc. | Vallathol Vidyapeetham, |
| Date of publication, distribution, etc. | 1996. |
| 300 ## - PHYSICAL DESCRIPTION | |
| Extent | 132p. |
| 650 ## - SUBJECT ADDED ENTRY--TOPICAL TERM | |
| Topical term or geographic name entry element | Folk Songs Study |
| 9 (RLIN) | 65262 |
| 942 ## - ADDED ENTRY ELEMENTS (KOHA) | |
| Koha item type | Book |
| Withdrawn status | Lost status | Damaged status | Not for loan | Permanent Location | Current Location | Date acquired | Cost, normal purchase price | Total Checkouts | Full call number | Barcode | Date last seen | Cost, replacement price | Price effective from | Koha item type | Source of classification or shelving scheme | Shelving location |
|---|---|---|---|---|---|---|---|---|---|---|---|---|---|---|---|---|
| Write off | Damaged | Not For Loan | Sree Sankaracharya University of Sanskrit | Sree Sankaracharya University of Sanskrit | 08.01.2015 | 50.00 | M 398.2 N96 | 002251 | 08.01.2015 | 0.00 | 08.01.2015 | Book | ||||
| Write off | Sree Sankaracharya University of Sanskrit | Sree Sankaracharya University of Sanskrit | 10.11.2023 | M 398.2 RAG/V | 006757 | 10.11.2023 | 10.11.2023 | Book | Stacks | |||||||
| Write off | Sree Sankaracharya University of Sanskrit | Sree Sankaracharya University of Sanskrit | 20.11.2023 | M 398.2 RAG/V | 009392 | 20.11.2023 | 20.11.2023 | Book | Stacks |